Оценка условий распространения разряда в твердых диэлектриках в неоднородном поле; Тезисы докладов на межвузовской научно-технической конференции по пробою диэлектриков и полупроводников

Bibliografiske detaljer
Parent link:Тезисы докладов на межвузовской научно-технической конференции по пробою диэлектриков и полупроводников.— 1963.— С. 24-25
Hovedforfatter: Воробьев Г. А.
Sprog:russisk
Udgivet: 1963
Fag:
Format: MixedMaterials Book Chapter
KOHA link:https://koha.lib.tpu.ru/cgi-bin/koha/opac-detail.pl?biblionumber=194179

MARC

LEADER 00000naa2a2200000 4500
001 194179
005 20231031182218.0
035 |a (RuTPU)RU\TPU\book\211782 
035 |a RU\TPU\tpu\4253 
090 |a 194179 
100 |a 20110407d1963 k y0rusy50 ca 
101 0 |a rus 
102 |a RU 
200 1 |a Оценка условий распространения разряда в твердых диэлектриках в неоднородном поле  |f Г. А. Воробьев 
463 0 |0 (RuTPU)RU\TPU\book\187258  |t Тезисы докладов на межвузовской научно-технической конференции по пробою диэлектриков и полупроводников  |f Томский политехнический институт (ТПИ)  |v С. 24-25  |d 1963  |p 83 с. 
610 1 |a электричество 
610 1 |a труды учёных ТПУ 
610 1 |a диэлектрики 
610 1 |a пробой 
700 1 |a Воробьев  |b Г. А. 
801 0 |a RU  |b 63413507  |c 20011210  |g PSBO 
801 2 |a RU  |b 63413507  |c 20110407  |g PSBO 
942 |c BK